| 000 | 00829 a2200193 4500 | ||
|---|---|---|---|
| 001 | 30869 | ||
| 005 | 20260407155617.0 | ||
| 008 | 260407a1974 arg spa d | ||
| 003 | AR-UNSa-BCEJYS | ||
| 040 |
_aAR-UNSa-BCEJYS _bspa _cAR-UNSa-BCEJYS |
||
| 080 |
_a657.635 _xInformes y certificaciones de los auditores |
||
| 245 | 1 | 0 | _aAuditoría de compañías de seguros |
| 264 | 1 |
_aBuenos Aires : _bEdiciones Macchi _c1974 |
|
| 300 |
_a393 p. _c22 cm. |
||
| 505 | _a1. Introducción - 2. La actividad aseguradora del país - 3. Control interno - 4. Programación de la auditoria - 5. Los principios de contabilidad. Su aplicación en las compañías de seguros - 6. Antecedentes extranjeros - 7. El dictamen el auditor - 8. Conclusiones | ||
| 942 | _cBK | ||
| 590 | _aniveau_biblio:m niveau_hierar:0 | ||
| 100 | 1 | _aWainstein, Mario | |
| 999 |
_c2129 _d2129 |
||